Stati sopra o sotto il Tropico del Cancro? - Quiz n°2 - Statistics

Statistiche generali
  • Questo quiz è stato fatto 7 volte
  • Il punteggio medio è 9 su 10
Statistiche sulle risposte
Hint Risposta % Corretto
Spagna Nord del Tropico del Cancro
100%
Armenia Nord del Tropico del Cancro
100%
Corea del Sud Nord del Tropico del Cancro
100%
Kosovo Nord del Tropico del Cancro
100%
Bulgaria Nord del Tropico del Cancro
100%
Nigeria Sud del Tropico del Cancro
100%
Senegal Sud del Tropico del Cancro
86%
Suriname Sud del Tropico del Cancro
86%
Honduras Sud del Tropico del Cancro
71%
Cambogia Sud del Tropico del Cancro
57%
Nessun quiz corrispondente trovato
Distribuzione punteggi
Percentuale di utenti per punteggio
Percentile per numero di risposta
I tuoi punteggi nel tempo
Non hai fatto questo quiz